[Event "Smuk Skak GM 2021"]
[Site "Skanderborg"]
[Date "2021.08.16"]
[Round "3.1"]
[White "Olsen, Filip Boe"]
[Black "Svane, Frederik"]
[Result "0-1"]
[WhiteElo "2397"]
[BlackElo "2438"]
[PlyCount "98"]
[EventDate "2021.08.14"]
[EventType "tourn"]
[EventRounds "9"]
[EventCountry "DEN"]

1. d4 Nf6 2. c4 e6 3. Nc3 Bb4 4. Nf3 b6 5. e3 Bxc3+ 6. bxc3 Bb7 7. Bd3 O-O 8.
O-O c5 9. Qe2 Be4 10. Nd2 d5 11. cxd5 Bxd3 12. Qxd3 Qxd5 13. e4 Qc6 14. e5 Nd5
15. Ne4 cxd4 16. Ng5 f5 17. exf6 Nxf6 18. cxd4 Qd5 19. Re1 Nc6 20. Rxe6 Qxd4
21. Qxd4 Nxd4 22. Re7 h6 23. Ne4 Nxe4 24. Rxe4 Rae8 25. Rxe8 Rxe8 26. Bd2 Rc8
27. Kf1 Kf7 28. Be3 Nc2 29. Rd1 Nxe3+ 30. fxe3 Ke6 31. Rd2 Rc3 32. Ke2 Ra3 33.
Kf3 b5 34. h4 Ke5 35. g3 a5 36. h5 b4 37. g4 Rc3 38. Rb2 Rc7 39. a3 Rb7 40.
axb4 axb4 41. g5 hxg5 42. Kg4 b3 43. Kxg5 Rb6 44. Kg4 Ke4 45. Kg5 Kxe3 46. Kf5
Kd4 47. Kg5 Kc3 48. Rf2 b2 49. Rf3+ Kd4 0-1

[Event "Smuk Skak GM 2021"]
[Site "Skanderborg"]
[Date "2021.08.16"]
[Round "3.2"]
[White "Antolak, Julia"]
[Black "Pedersen, Nicolai Vesterbaek"]
[Result "1/2-1/2"]
[WhiteElo "2340"]
[BlackElo "2369"]
[PlyCount "61"]
[EventDate "2021.08.14"]
[EventType "tourn"]
[EventRounds "9"]
[EventCountry "DEN"]

1. e4 Nc6 2. Nf3 d6 3. d4 Nf6 4. Nc3 g6 5. Be3 Bg7 6. Be2 a6 7. Qd2 Ng4 8. Bg5
f6 9. Bf4 e5 10. Bg3 exd4 11. Nxd4 f5 12. Nxc6 bxc6 13. h3 Ne5 14. f4 Nf7 15.
exf5 Bxf5 16. Qe3+ Qe7 17. Qxe7+ Kxe7 18. Bh4+ Kd7 19. O-O-O Rhe8 20. Rde1 Bd4
21. g4 Be6 22. Bd3 Bxc3 23. bxc3 Bxa2 24. Rxe8 Rxe8 25. Bxa6 d5 26. Bd3 Nd6 27.
Re1 Rxe1+ 28. Bxe1 Bc4 29. Kd2 Bxd3 30. cxd3 c5 31. Bf2 1/2-1/2

[Event "Smuk Skak GM 2021"]
[Site "Skanderborg"]
[Date "2021.08.16"]
[Round "3.3"]
[White "Solodovnichenko, Yuri"]
[Black "Brunello, Sabino"]
[Result "1/2-1/2"]
[WhiteElo "2546"]
[BlackElo "2517"]
[PlyCount "62"]
[EventDate "2021.08.14"]
[EventType "tourn"]
[EventRounds "9"]
[EventCountry "DEN"]

1. e4 c5 2. Nf3 d6 3. d4 cxd4 4. Nxd4 Nf6 5. Nc3 Nc6 6. Bg5 e6 7. Qd3 Be7 8.
O-O-O O-O 9. h4 Nxd4 10. Qxd4 Qa5 11. Kb1 Bd7 12. Qd2 Kh8 13. Bd3 Rfc8 14. Rhe1
Be8 15. f4 Rc5 16. f5 Rac8 17. Ne2 Qa4 18. b3 Qa3 19. fxe6 fxe6 20. Nd4 Bd7 21.
c4 Bd8 22. Nc2 Qa6 23. Be3 Re5 24. Bd4 Rh5 25. c5 Qc6 26. cxd6 e5 27. Bb2 Bg4
28. Rc1 Qxd6 29. g3 Bb6 30. Ne3 Rd8 31. Nxg4 Nxg4 1/2-1/2

[Event "Smuk Skak GM 2021"]
[Site "Skanderborg"]
[Date "2021.08.16"]
[Round "3.4"]
[White "Janik, Igor"]
[Black "Nagy, Gabor"]
[Result "1/2-1/2"]
[WhiteElo "2500"]
[BlackElo "2518"]
[PlyCount "62"]
[EventDate "2021.08.14"]
[EventType "tourn"]
[EventRounds "9"]
[EventCountry "DEN"]

1. e4 c5 2. Nf3 e6 3. c3 d5 4. exd5 Qxd5 5. d4 Nf6 6. Na3 a6 7. Nc4 Nbd7 8. Be2
cxd4 9. Nxd4 Bc5 10. O-O O-O 11. Nb3 Ba7 12. Bf4 e5 13. Bg3 Qe6 14. Qd6 Qf5 15.
Bd3 e4 16. Be2 Qg6 17. a4 Re8 18. Rad1 b5 19. axb5 axb5 20. Ne3 Bb8 21. Qb4
Bxg3 22. hxg3 Ne5 23. Bxb5 Bd7 24. Bxd7 Nfxd7 25. Nd5 Qh5 26. Nf4 Qh6 27. Nd4
Ng4 28. Nh3 Ndf6 29. Rfe1 Rab8 30. Qa5 Re5 31. Qc7 Rbe8 1/2-1/2

[Event "Smuk Skak GM 2021"]
[Site "Skanderborg"]
[Date "2021.08.16"]
[Round "3.5"]
[White "Ochsner, Bjorn Moller"]
[Black "Lindgren, Philip"]
[Result "1-0"]
[WhiteElo "2506"]
[BlackElo "2356"]
[PlyCount "63"]
[EventDate "2021.08.14"]
[EventType "tourn"]
[EventRounds "9"]
[EventCountry "DEN"]

1. e4 c5 2. Nf3 d6 3. Bb5+ Nd7 4. c3 Ngf6 5. Qe2 a6 6. Ba4 Qc7 7. O-O c4 8. Bc2
e5 9. b3 b5 10. Na3 Nb6 11. d4 cxd3 12. Bxd3 Be7 13. c4 bxc4 14. Nxc4 Nxc4 15.
Bxc4 Bb7 16. Bd3 h6 17. Bd2 O-O 18. Rac1 Qd7 19. a4 Rfe8 20. Rfd1 Bd8 21. Bc3
Bb6 22. a5 Ba7 23. b4 Qg4 24. h3 Qg6 25. Nh4 Qg5 26. Nf5 Rad8 27. Bd2 Qg6 28.
Rc7 Rd7 29. Rxd7 Nxd7 30. Bxa6 Ba8 31. Bb5 Qe6 32. Qg4 1-0

[Event "Smuk Skak GM 2021"]
[Site "Skanderborg"]
[Date "2021.08.20"]
[Round "7.2"]
[White "Antolak, Julia"]
[Black "Solodovnichenko, Yuri"]
[Result "1/2-1/2"]
[WhiteElo "2340"]
[BlackElo "2546"]
[PlyCount "65"]
[EventDate "2021.08.14"]
[EventType "tourn"]
[EventRounds "9"]
[EventCountry "DEN"]

1. e4 c5 2. Nf3 d6 3. d4 cxd4 4. Nxd4 Nf6 5. Nc3 Nc6 6. f3 e5 7. Nb3 Be7 8. Be3
O-O 9. Qd2 Be6 10. O-O-O a5 11. Bb5 Na7 12. Bxa7 Rxa7 13. Kb1 Ne8 14. a4 Nc7
15. Qf2 Nxb5 16. Nxb5 Ra6 17. Nc1 f5 18. Qe2 Qc8 19. exf5 Rxf5 20. Na2 Bc4 21.
Qd2 Qc5 22. Nac3 Bg5 23. Ne4 Bxd2 24. Nxc5 dxc5 25. Rxd2 Bxb5 26. axb5 Rb6 27.
Rd5 Rxb5 28. Re1 b6 29. Rexe5 Rxe5 30. Rxe5 Kf7 31. Re4 Rb4 32. c4 Kf6 33. h4
1/2-1/2